| 000 | 00546nam a22001695i 4500 | ||
|---|---|---|---|
| 001 | 170375 | ||
| 003 | ES-MaACL | ||
| 005 | 20230906214354.0 | ||
| 008 | 090227s1897 fre |||| | fra d | ||
| 080 | _a782.7 | ||
| 100 | 1 |
_aHervé. _9138035 |
|
| 245 | 1 | 2 |
_aL'oeil crevé _b: opéra-bouffe en trois actes / _cparoles et musique de M. Hervé. |
| 260 |
_aParis : _bA. Barbré, _c1897. |
||
| 300 |
_a102 p. ; _c19 cm. |
||
| 650 | 1 | 4 |
_aÓperas- _vLibretos. _9137584 |
| 852 |
_aES-MaACL _j2250-F-17 _9R.141022 _z.- Biblioteca Jacinto Martínez Lacalle |
||
| 999 |
_c170375 _d170375 |
||